Antologia de poesía árabe contemporánea /

Uloženo v:
Podrobná bibliografie
Hlavní autor: Martínez Martín, Leonor (selec.)
Médium: Kniha
Jazyk:španělština
Vydáno: Madrid, España : Espasa-Calpe, 1972, c1972
Edice:(Austral ; 1518)
Témata:
Tagy: Přidat tag
Žádné tagy, Buďte první, kdo vytvoří štítek k tomuto záznamu!

MARC

LEADER 00000nam^a2200000^a^4500
001 000321220
005 20250521000000.0
009 20260310113534.477
025 |a Donación Alvaro Gómez Saborío, 1 ejemplar 
037 |a Acervo ITESO - Biblioteca 
041 |a ESP 
082 |a 808.  |b AUS V. 1518 
100 |a Martínez Martín, Leonor  |e (selec.) 
245 1 0 |a Antologia de poesía árabe contemporánea /  |c Selec. e introd. de L. Martínez Martín. 
264 4 |a Madrid, España :  |b Espasa-Calpe,  |c 1972, c1972 
300 |a 235 p.  |b tapa dura 
336 |a texto  |b txt  |2 rdacontenido 
337 |a sin mediación  |b n  |2 rdamedio 
338 |a volumen  |b nc  |2 rdasoporte 
440 1 |a (Austral ;  |v 1518) 
649 |a XX 
650 |a Poesía Arabe 
650 |a Literatura Arabe -  |y Siglo XX 
650 |a Literatura Arabe -  |y Siglo XX 
910 |a Fondo General 
920 |a Impresos - Libros 
930 |a Colección General 
940 |a Literatura 
905 |a 101 
901 |a 0500208373  |b IT1  |c LIT  |i D  |u 20250521 
902 |a https://opac.biblio.iteso.mx/vufind/Record/000321220